[Event "Faxe Dags op"]
[Site "Faxe"]
[Date "2017.05.10"]
[Round "6"]
[White "Hansen, Aage"]
[Black "Eckert, Svend"]
[Result "1-0"]
[WhiteElo "1770"]
[BlackElo "1695"]
[PlyCount "93"]
[EventDate "2017.04.05"]
[EventType "swiss"]
[EventRounds "7"]
[EventCountry "DEN"]
[SourceTitle "EXT 2021"]
[Source "ChessBase"]
[SourceDate "2020.10.23"]
[SourceVersion "1"]
[SourceVersionDate "2020.10.23"]
[SourceQuality "1"]

1. e4 e5 2. f4 exf4 3. Nf3 g5 4. Bc4 d6 5. 0-0 Be6 6. Bxe6 fxe6 7. Nd4 Qf6 8. Qh5+ Kd7 9. c3 Nc6 10. Nxc6 bxc6 11. d4 Be7 12. g3 Qg6 13. Qxg6 hxg6 14. gxf4 Rf8 15. Kg2 Rh4 16. e5 g4 17. Be3 Rh3 18. Bf2 Rxf4 19. Bg3 Rxf1 20. Kxf1 Nh6 21. Nd2 Nf5 22. Kg2 d5 23. b4 Bg5 24. Nf1 Nh4+ 25. Kf2 Nf3 26. Rd1 Bh4 27. Kg2 Bg5 28. Rb1 Nd2 29. Rb2 Ne4 30. Rc2 Rh8 31. Be1 Rf8 32. Ng3 Nxg3 33. Kxg3 Rf1 34. Kxg4 Bf4 35. Bg3 g5 36. Bxf4 gxf4 37. h4 Ke7 38. Rh2 Kf7 39. h5 Kg7 40. h6+ Kh7 41. Kg5 f3 42. Kf6 Rc1 43. Kxe6 Rxc3 44. Kd7 Rc4 45. e6 Rxd4 46. e7 Re4 47. e8Q 1-0

[Event "Faxe Dags op"]
[Site "Faxe"]
[Date "2017.04.26"]
[Round "4"]
[White "Andersen, Bjarne Hjorth"]
[Black "Hansen, Aage"]
[Result "1-0"]
[WhiteElo "1975"]
[BlackElo "1770"]
[PlyCount "101"]
[EventDate "2017.04.05"]
[EventType "swiss"]
[EventRounds "7"]
[EventCountry "DEN"]
[SourceTitle "EXT 2021"]
[Source "ChessBase"]
[SourceDate "2020.10.23"]
[SourceVersion "1"]
[SourceVersionDate "2020.10.23"]
[SourceQuality "1"]

1. e4 e6 2. d4 d5 3. Nd2 Nf6 4. Bd3 dxe4 5. Nxe4 Be7 6. Nf3 0-0 7. 0-0 Nc6 8. c3 b6 9. Qc2 g6 10. Bh6 Re8 11. Bb5 Bd7 12. Nxf6+ Bxf6 13. Rad1 a6 14. Bd3 Ne7 15. Ne5 Nf5 16. Bxf5 exf5 17. Rfe1 Qc8 18. Re2 Bg7 19. Bc1 Re6 20. Rde1 a5 21. Qb3 Bxe5 22. Rxe5 a4 23. Qb4 Qf8 24. Qc4 Rc8 25. d5 Rxe5 26. Rxe5 c6 27. h3 cxd5 28. Qxd5 Be6 29. Rxe6 fxe6 30. Qxe6+ Kg7 31. Be3 Re8 32. Qxb6 Qf7 33. Qd4+ Kg8 34. Qxa4 Re4 35. Qa8+ Re8 36. Qa5 f4 37. Bd4 h6 38. Qa6 Qe6 39. Qxe6+ Rxe6 40. Kf1 Kf7 41. b4 Ra6 42. b5 Rxa2 43. b6 Ra1+ 44. Ke2 Rb1 45. Kf3 g5 46. Bc5 Rb5 47. c4 Rb3+ 48. Ke4 Ke6 49. Bf8 h5 50. Bh6 Kf6 51. c5 1-0

[Event "Faxe Dags op"]
[Site "Faxe"]
[Date "2017.04.19"]
[Round "3"]
[White "Arnkilde, Anders"]
[Black "Hansen, Aage"]
[Result "1-0"]
[WhiteElo "2047"]
[BlackElo "1770"]
[PlyCount "103"]
[EventDate "2017.04.05"]
[EventType "swiss"]
[EventRounds "7"]
[EventCountry "DEN"]
[SourceTitle "EXT 2021"]
[Source "ChessBase"]
[SourceDate "2020.10.23"]
[SourceVersion "1"]
[SourceVersionDate "2020.10.23"]
[SourceQuality "1"]

1. e4 e6 2. d4 d5 3. Nc3 Bb4 4. Nge2 dxe4 5. a3 Bxc3+ 6. Nxc3 Nf6 7. Bg5 h6 8. Bxf6 Qxf6 9. Nxe4 Qe7 10. Bc4 c6 11. 0-0 Nd7 12. Re1 0-0 13. c3 Nb6 14. Bb3 Rd8 15. Qf3 Nd5 16. Re2 Nf6 17. Ng3 Nh7 18. Bc2 g6 19. Qe3 Qg5 20. f4 Qf6 21. Ne4 Qg7 22. Nd2 b6 23. Bd3 Nf6 24. Qf3 Bb7 25. Ne4 Rac8 26. Qh3 Nd5 27. Rf1 Rc7 28. Qh4 Rcd7 29. Bc4 Kf8 30. Rfe1 b5 31. Bxd5 Rxd5 32. Nc5 g5 33. fxg5 hxg5 34. Qf2 Rf5 35. Qg3 Bc8 36. Qc7 Re8 37. Qd6+ Kg8 38. Qxc6 Qf8 39. Qxb5 Re7 40. Qd3 Qd8 41. Qg3 Kg7 42. Rf2 Qd5 43. Rxf5 Qxf5 44. Rf1 Qd5 45. Qf3 f5 46. Qxd5 exd5 47. Kf2 f4 48. h3 g4 49. hxg4 Bxg4 50. Re1 Rf7 51. Re5 f3 52. Rg5+ 1-0

[Event "Faxe Dags op"]
[Site "Faxe"]
[Date "2016.05.17"]
[Round "7"]
[White "Hansen, Aage"]
[Black "Engelstoft, Jens"]
[Result "1-0"]
[WhiteElo "1796"]
[BlackElo "1736"]
[PlyCount "43"]
[EventDate "2016.03.30"]
[EventType "swiss"]
[EventRounds "7"]
[EventCountry "DEN"]
[SourceTitle "EXT 2021"]
[Source "ChessBase"]
[SourceDate "2020.10.23"]
[SourceVersion "1"]
[SourceVersionDate "2020.10.23"]
[SourceQuality "1"]

1. e4 g6 2. d4 Bg7 3. c4 d6 4. Nf3 Nd7 5. Nc3 e5 6. Be3 Ngf6 7. h3 0-0 8. Bd3 b6 9. Qd2 exd4 10. Nxd4 Nc5 11. Bc2 Bb7 12. f3 Nh5 13. g4 Ng3 14. Rg1 Be5 15. Bf2 Qf6 16. 0-0-0 Bf4 17. Be3 g5 18. Rxg3 Bxg3 19. Bxg5 Qh8 20. Nf5 f6 21. Bh6 Be5 22. Bg7 1-0

[Event "Faxe Dags op"]
[Site "Faxe"]
[Date "2016.04.06"]
[Round "2"]
[White "Hansen, Aage"]
[Black "Pedersen, Hans Dahl"]
[Result "0-1"]
[WhiteElo "1796"]
[BlackElo "2168"]
[PlyCount "50"]
[EventDate "2016.03.30"]
[EventType "swiss"]
[EventRounds "7"]
[EventCountry "DEN"]
[SourceTitle "EXT 2021"]
[Source "ChessBase"]
[SourceDate "2020.10.23"]
[SourceVersion "1"]
[SourceVersionDate "2020.10.23"]
[SourceQuality "1"]

1. e4 c5 2. Nf3 e6 3. d4 cxd4 4. Nxd4 a6 5. c4 Nf6 6. Bd3 Qc7 7. 0-0 Nc6 8. Ne2 Bc5 9. Kh1 Ng4 10. Bf4 Qb6 11. Nbc3 Nxf2+ 12. Rxf2 Bxf2 13. Bd6 Nb4 14. e5 Nxd3 15. Qxd3 Qe3 16. Qc2 f5 17. c5 Bh4 18. Rf1 b5 19. Rf4 Be1 20. Rd4 Bxc3 21. bxc3 Bb7 22. Rd3 Qf2 23. Rg3 f4 24. Rxg7 f3 25. Re7+ Kd8 0-1

[Event "Faxe Eftermiddag-B"]
[Site "Faxe"]
[Date "2015.09.30"]
[Round "3"]
[White "Nielsen, Kurt Sogaard"]
[Black "Hansen, Aage"]
[Result "0-1"]
[WhiteElo "1573"]
[BlackElo "1641"]
[PlyCount "84"]
[EventDate "2015.09.16"]
[EventType "tourn"]
[EventRounds "5"]
[EventCountry "DEN"]
[SourceTitle "EXT 2023"]
[Source "ChessBase"]
[SourceDate "2022.10.05"]
[SourceVersion "1"]
[SourceVersionDate "2022.10.05"]
[SourceQuality "1"]

1. d4 d5 2. Nf3 c5 3. dxc5 Nc6 4. e3 Bf5 5. Nc3 e6 6. Bb5 Bxc5 7. 0-0 Nge7 8. Nd4 Bg6 9. Nf3 0-0 10. a3 Qc7 11. Nh4 Bd6 12. f4 a6 13. Nxg6 hxg6 14. Bd3 f6 15. Qg4 Kf7 16. h3 Rh8 17. b4 Nf5 18. Ne2 Rh4 19. Qf3 Rah8 20. Bd2 b5 21. c3 Qb6 22. a4 Na7 23. axb5 Nxb5 24. Ra5 Nc7 25. Rfa1 Ra8 26. c4 Bxb4 27. Bxb4 Qxb4 28. cxd5 exd5 29. Rxd5 Qe7 30. Bxf5 gxf5 31. Rxf5 Re8 32. Rc1 Nb5 33. Kf2 Rhh8 34. Rd1 Rd8 35. Rfd5 Nd6 36. R1d4 g6 37. Ra5 Nf5 38. Rxd8 Rxd8 39. e4 Qa7+ 40. Nd4 Qxd4+ 41. Kf1 Ne3+ 42. Ke1 Qd2# 0-1

[Event "Faxe Dags op"]
[Site "Faxe"]
[Date "2015.04.29"]
[Round "4"]
[White "Hansen, Aage"]
[Black "Meldal, Peter"]
[Result "1-0"]
[WhiteElo "1771"]
[BlackElo "1487"]
[PlyCount "45"]
[EventDate "2015.04.07"]
[EventType "swiss"]
[EventRounds "7"]
[EventCountry "DEN"]
[SourceTitle "EXT 2021"]
[Source "ChessBase"]
[SourceDate "2020.10.23"]
[SourceVersion "1"]
[SourceVersionDate "2020.10.23"]
[SourceQuality "1"]

1. e4 e5 2. f4 exf4 3. Nf3 Be7 4. h4 d6 5. d4 Bg4 6. Bxf4 Bxf3 7. Qxf3 Bxh4+ 8. g3 Be7 9. Bc4 Nf6 10. Nc3 Nc6 11. 0-0-0 Na5 12. Bd3 Nc6 13. Bb5 0-0 14. e5 Ne8 15. Qh5 h6 16. Bxh6 g6 17. Qg4 Ng7 18. Ne4 Qc8 19. Qxc8 Raxc8 20. Nf6+ Bxf6 21. exf6 Ne6 22. d5 Ned4 23. Bg7 1-0

[Event "Faxe Eftermiddag-A"]
[Site "Faxe"]
[Date "2014.10.01"]
[Round "3"]
[White "Hansen, Aage"]
[Black "Petersen, Bent Wester"]
[Result "1-0"]
[WhiteElo "1677"]
[BlackElo "1805"]
[PlyCount "147"]
[EventDate "2014.09.17"]
[EventType "tourn"]
[EventRounds "5"]
[EventCountry "DEN"]
[SourceTitle "EXT 2023"]
[Source "ChessBase"]
[SourceDate "2022.10.05"]
[SourceVersion "1"]
[SourceVersionDate "2022.10.05"]
[SourceQuality "1"]

1. e4 c5 2. Nf3 Nc6 3. d4 cxd4 4. Nxd4 e6 5. Be2 Nf6 6. f3 Qa5+ 7. c3 Nxd4 8. Qxd4 Bc5 9. Qc4 Qb6 10. Rf1 d5 11. exd5 Nxd5 12. Qb5+ Bd7 13. Qxb6 Bxb6 14. Na3 0-0 15. Nc4 Bc7 16. f4 Bc6 17. g3 Rfd8 18. Bd2 Nf6 19. 0-0-0 Rac8 20. Ne5 Be4 21. Be3 Nd5 22. Bd4 f6 23. Nd3 a6 24. Nc5 Bg2 25. Rf2 Bh3 26. Nxb7 Re8 27. Bxa6 Bf5 28. Bc4 Be4 29. Nc5 Bf5 30. Re1 Bd6 31. Bxd5 exd5 32. Rxe8+ Rxe8 33. Kd2 Ra8 34. a3 Rb8 35. Nd3 Kf7 36. Nb4 Be4 37. Nd3 h5 38. h4 Kg6 39. Re2 Kf5 40. Ke3 Kg4 41. Nf2+ Kxg3 42. Nxe4+ dxe4 43. Kxe4 Kxh4 44. Kf3 Kh3 45. Bg1 Bxf4 46. Kxf4 g5+ 47. Kf3 g4+ 48. Kf4 g3 49. a4 Rd8 50. Re1 h4 51. b4 Kg2 52. Be3 Re8 53. b5 f5 54. b6 Re4+ 55. Kxf5 Rxa4 56. b7 Ra5+ 57. Kg4 Rb5 58. Kxh4 Rxb7 59. Rg1+ Kh2 60. Rxg3 Rh7+ 61. Kg4 Rg7+ 62. Bg5 Rg8 63. Rh3+ Kg2 64. Rd3 Kf2 65. Kf5 Ke2 66. Rh3 Rc8 67. Ke6 Rc4 68. Kd5 Rg4 69. Bf6 Rf4 70. Bd4 Rf5+ 71. Be5 Rf1 72. c4 Rd1+ 73. Bd4 Rc1 74. c5 1-0

[Event "Faxe EMT"]
[Site "Faxe"]
[Date "2013.05.29"]
[Round "7"]
[White "Hansen, Aage"]
[Black "Petersen, Bent Wester"]
[Result "1-0"]
[WhiteElo "1606"]
[BlackElo "1905"]
[PlyCount "83"]
[EventDate "2013.04.03"]
[EventType "swiss"]
[EventRounds "7"]
[EventCountry "DEN"]
[SourceTitle "EXT 2023"]
[Source "ChessBase"]
[SourceDate "2022.10.05"]
[SourceVersion "1"]
[SourceVersionDate "2022.10.05"]
[SourceQuality "1"]

1. e4 c5 2. Nf3 Nc6 3. d4 cxd4 4. Nxd4 d6 5. Be2 Bd7 6. 0-0 g6 7. Be3 Bg7 8. Nc3 Nf6 9. Qd2 a6 10. h3 0-0 11. f4 Nxd4 12. Bxd4 Bc6 13. Qe3 Nd7 14. Bxg7 Kxg7 15. Qf2 Qa5 16. Bf3 Rac8 17. a3 Kg8 18. Rad1 Nf6 19. g4 Rfd8 20. Kh2 Qc7 21. g5 Ne8 22. Qg3 Qb6 23. b4 e6 24. Rf2 a5 25. Rb1 Qd4 26. Ne2 Qc4 27. f5 Bxe4 28. fxe6 Bf5 29. exf7+ Qxf7 30. Nf4 d5 31. Qg2 Nc7 32. bxa5 Be6 33. Nd3 Qe7 34. Nb4 Qc5 35. Rd2 Qxa5 36. Rb3 Qc5 37. Rbd3 Kg7 38. h4 Ra8 39. Qg3 Bf5 40. Qe5+ Kg8 41. Nxd5 Bxd3 42. Nf6+ 1-0

[Event "Faxe EMT"]
[Site "Faxe"]
[Date "2013.05.08"]
[Round "5"]
[White "Brinkhard, Anders"]
[Black "Hansen, Aage"]
[Result "0-1"]
[WhiteElo "1518"]
[BlackElo "1606"]
[PlyCount "100"]
[EventDate "2013.04.03"]
[EventType "swiss"]
[EventRounds "7"]
[EventCountry "DEN"]
[SourceTitle "EXT 2023"]
[Source "ChessBase"]
[SourceDate "2022.10.05"]
[SourceVersion "1"]
[SourceVersionDate "2022.10.05"]
[SourceQuality "1"]

1. Nf3 e6 2. c3 d5 3. d4 Nf6 4. h3 c5 5. Bf4 Nc6 6. e3 Bd7 7. Nbd2 Rc8 8. Ne5 Qb6 9. Qb3 Be7 10. Qxb6 axb6 11. Nxc6 Bxc6 12. Be2 c4 13. 0-0 b5 14. a3 Nd7 15. Nf3 f6 16. Bd1 g5 17. Bh2 h5 18. Nd2 f5 19. f4 g4 20. Kh1 Kf7 21. a4 Ra8 22. b3 bxa4 23. bxa4 b5 24. Bc2 bxa4 25. Rfb1 a3 26. Rc1 Rhb8 27. Rcb1 Rxb1+ 28. Rxb1 Bd8 29. Ra1 a2 30. hxg4 hxg4 31. g3 Ba5 32. Rxa2 Bxc3 33. Rxa8 Bxa8 34. Nf1 Be1 35. Kg2 Bc6 36. Bg1 Nb6 37. Bf2 Bb4 38. Nh2 Ba4 39. Bxa4 Nxa4 40. Kf1 c3 41. Be1 c2 42. Bxb4 c1Q+ 43. Be1 Nb2 44. Ke2 Qd1+ 45. Kf2 Nd3+ 46. Kg2 Nxe1+ 47. Kf2 Nd3+ 48. Kg2 Qe2+ 49. Kh1 Ne1 50. Nxg4 Qg2# 0-1

[Event "Faxe Eftermiddag-B"]
[Site "Faxe"]
[Date "2012.10.17"]
[Round "3"]
[White "Strandsbjerg, Jens"]
[Black "Hansen, Aage"]
[Result "0-1"]
[WhiteElo "1559"]
[BlackElo "1619"]
[PlyCount "76"]
[EventDate "2012.09.26"]
[EventType "tourn"]
[EventRounds "5"]
[EventCountry "DEN"]
[SourceTitle "EXT 2023"]
[Source "ChessBase"]
[SourceDate "2022.10.05"]
[SourceVersion "1"]
[SourceVersionDate "2022.10.05"]
[SourceQuality "1"]

1. d4 d5 2. c4 e5 3. dxe5 d4 4. Nf3 c5 5. e3 Nc6 6. exd4 cxd4 7. Bd3 Bc5 8. 0-0 Nge7 9. a3 a5 10. Re1 h6 11. Nbd2 0-0 12. Ne4 b6 13. Ng3 Bg4 14. h3 Bxf3 15. Qxf3 Rc8 16. Qe4 Ng6 17. e6 Nce5 18. Bf4 Nxd3 19. exf7+ Rxf7 20. Bxh6 Qf6 21. Qxd3 gxh6 22. Ne4 Qg7 23. Ng3 Rcf8 24. Nh5 Nf4 25. Nxf4 Rxf4 26. Re6 R4f5 27. Rae1 Rg5 28. g3 Rgf5 29. R1e2 h5 30. Re8 Rxf2 31. Rxf8+ Rxf8 32. Re6 Rf6 33. Re8+ Bf8 34. Rd8 Rg6 35. Kh2 h4 36. Rxd4 Rxg3 37. Qe4 Rxh3+ 38. Kxh3 Qg3# 0-1

[Event "Faxe Eftermiddag-B"]
[Site "Faxe"]
[Date "2012.10.03"]
[Round "2"]
[White "Hansen, Aage"]
[Black "Brinkhard, Anders"]
[Result "1-0"]
[WhiteElo "1619"]
[BlackElo "1600"]
[PlyCount "111"]
[EventDate "2012.09.26"]
[EventType "tourn"]
[EventRounds "5"]
[EventCountry "DEN"]
[SourceTitle "EXT 2023"]
[Source "ChessBase"]
[SourceDate "2022.10.05"]
[SourceVersion "1"]
[SourceVersionDate "2022.10.05"]
[SourceQuality "1"]

1. e4 e6 2. d4 d5 3. e5 c5 4. c3 Nc6 5. a3 Bd7 6. Bd3 cxd4 7. cxd4 Qb6 8. Nf3 Nge7 9. Nc3 Nxd4 10. 0-0 Nxf3+ 11. Qxf3 a6 12. Rb1 Ng6 13. Be3 Qd8 14. Bd4 Be7 15. Qe3 0-0 16. f4 f5 17. Rf3 Qe8 18. g3 Rc8 19. h4 h5 20. Rf2 Nh8 21. Ne2 g6 22. b4 Bb5 23. Bb2 Bxd3 24. Qxd3 Rc4 25. Nd4 Qd7 26. Nb3 Rfc8 27. Rd2 Nf7 28. Na5 R4c7 29. Rdd1 b6 30. Nb3 Rc4 31. Bd4 Bd8 32. Bc5 b5 33. Nd2 R4xc5 34. bxc5 Rxc5 35. Rdc1 Bb6 36. Kf1 Qc7 37. Nb3 Rc4 38. Ke2 Nh6 39. Qd2 Ng4 40. Rxc4 Qxc4+ 41. Qd3 Qc6 42. Rc1 Qb7 43. Qc3 Kg7 44. Qc6 Qa7 45. Nc5 d4 46. Nxe6+ Kh6 47. Qc8 d3+ 48. Kxd3 Bd8 49. Qxd8 Qe3+ 50. Kc2 Qe4+ 51. Kb2 Qe2+ 52. Rc2 Qxc2+ 53. Kxc2 Ne3+ 54. Kd3 g5 55. Qf6+ Kh7 56. Qg7# 1-0

[Event "Faxe EMT"]
[Site "Faxe"]
[Date "2012.05.16"]
[Round "7"]
[White "Hansen, Aage"]
[Black "Brinkhard, Anders"]
[Result "1/2-1/2"]
[WhiteElo "1613"]
[BlackElo "1557"]
[PlyCount "92"]
[EventDate "2012.03.28"]
[EventType "swiss"]
[EventRounds "7"]
[EventCountry "DEN"]
[SourceTitle "EXT 2023"]
[Source "ChessBase"]
[SourceDate "2022.10.05"]
[SourceVersion "1"]
[SourceVersionDate "2022.10.05"]
[SourceQuality "1"]

1. e4 e6 2. c4 c6 3. Nc3 d5 4. cxd5 exd5 5. exd5 cxd5 6. Bb5+ Nc6 7. Nge2 Nf6 8. 0-0 Be7 9. Nd4 Bd7 10. Qa4 Qb6 11. Nxc6 bxc6 12. Bd3 0-0 13. Qc2 Qc5 14. a3 d4 15. b4 Qd6 16. Ne4 Nxe4 17. Bxe4 g6 18. Bb2 Bf6 19. Qd3 Rac8 20. Qa6 Qc7 21. Rac1 Qb6 22. Qd3 a5 23. Qf3 Bg7 24. Rb1 axb4 25. axb4 Qxb4 26. Ba3 Qxd2 27. Bxf8 Bxf8 28. Rfd1 Qg5 29. Rxd4 Bg4 30. Qg3 Qc5 31. Qxg4 Qxd4 32. Qxc8 Qxe4 33. Rc1 c5 34. h3 Qd4 35. Re1 Kg7 36. Re8 Qd1+ 37. Kh2 Qd6+ 38. g3 Qd4 39. Re3 Qd2 40. Kg2 Qd5+ 41. Rf3 Be7 42. Qa6 c4 43. Qa1+ f6 44. Qe1 Bd6 45. Qe3 Be5 46. Qa7+ Kg8 1/2-1/2

[Event "Faxe Eftermiddag-B"]
[Site "Faxe"]
[Date "2011.09.28"]
[Round "4"]
[White "Hansen, Borge"]
[Black "Hansen, Aage"]
[Result "1/2-1/2"]
[WhiteElo "1594"]
[BlackElo "1633"]
[PlyCount "107"]
[EventDate "2011.09.07"]
[EventType "tourn"]
[EventRounds "5"]
[EventCountry "DEN"]
[SourceTitle "EXT 2023"]
[Source "ChessBase"]
[SourceDate "2022.10.05"]
[SourceVersion "1"]
[SourceVersionDate "2022.10.05"]
[SourceQuality "1"]

1. e4 e6 2. Nf3 d5 3. exd5 exd5 4. d4 Bd6 5. Be2 Nf6 6. Bg5 0-0 7. 0-0 Re8 8. Nbd2 Bf5 9. Re1 h6 10. Be3 Ng4 11. Nf1 Nd7 12. h3 Nxe3 13. Nxe3 Be4 14. Bd3 Nf6 15. Bxe4 Rxe4 16. c3 c6 17. Nf5 Bc7 18. Nd2 Rxe1+ 19. Qxe1 Qd7 20. Ne3 Re8 21. Qd1 b5 22. Qf3 Nh7 23. Qg4 Qd6 24. g3 Nf6 25. Qf3 Qe6 26. Kg2 a5 27. a3 Nh7 28. b4 Rf8 29. Qf5 Qe7 30. Re1 g6 31. Qb1 Qd7 32. Ng4 Kg7 33. Nf3 f6 34. Nh4 Qf7 35. Qc1 Ng5 36. Re2 axb4 37. axb4 h5 38. Ne3 Qd7 39. Qh1 Ne4 40. Nd1 Ra8 41. Qe1 Qd6 42. Ne3 Kf7 43. Nf1 Ra3 44. Re3 Ra2 45. Kg1 Nxf2 46. g4 hxg4 47. hxg4 Qd7 48. Ng2 Nxg4 49. Rh3 Rxg2+ 50. Kxg2 Nh6 51. Rxh6 Qg4+ 52. Kh1 Qf3+ 53. Kg1 Qg4+ 54. Kh1 1/2-1/2

[Event "Faxe Eftermiddag-B"]
[Site "Faxe"]
[Date "2011.09.14"]
[Round "2"]
[White "Frederiksen, Uffe"]
[Black "Hansen, Aage"]
[Result "1-0"]
[WhiteElo "1653"]
[BlackElo "1633"]
[PlyCount "79"]
[EventDate "2011.09.07"]
[EventType "tourn"]
[EventRounds "5"]
[EventCountry "DEN"]
[SourceTitle "EXT 2023"]
[Source "ChessBase"]
[SourceDate "2022.10.05"]
[SourceVersion "1"]
[SourceVersionDate "2022.10.05"]
[SourceQuality "1"]

1. e4 e6 2. d4 d5 3. exd5 exd5 4. c4 Nf6 5. Nc3 Bb4 6. Bg5 0-0 7. Nf3 Re8+ 8. Be2 Qe7 9. Ne5 c5 10. f4 Nc6 11. 0-0 Bxc3 12. bxc3 cxd4 13. cxd4 Qa3 14. Bh5 Qe3+ 15. Kh1 Ne4 16. Bxf7+ Kf8 17. Bxe8 Nxd4 18. Ng4 Bxg4 19. Qxg4 Rxe8 20. Bh4 dxc4 21. Rfe1 Qc3 22. Rad1 Nf6 23. Rxe8+ Nxe8 24. Qd7 Nc6 25. Re1 Nf6 26. Qc8+ Kf7 27. Qe6+ Kf8 28. Qc8+ Kf7 29. Qxb7+ Kg6 30. Qxc6 h6 31. Qf3 Qd2 32. Qf2 c3 33. f5+ Kh7 34. Re2 Qd1+ 35. Re1 c2 36. Qf1 Qg4 37. Bxf6 gxf6 38. Qf3 Qb4 39. Rc1 a5 40. Qb3 1-0

[Event "Faxe EMT"]
[Site "Faxe"]
[Date "2011.04.30"]
[Round "1"]
[White "Christoffersen, Ib"]
[Black "Hansen, Aage"]
[Result "0-1"]
[WhiteElo "1366"]
[BlackElo "1622"]
[PlyCount "50"]
[EventDate "2011.04.11"]
[EventType "swiss"]
[EventRounds "7"]
[EventCountry "DEN"]
[SourceTitle "EXT 2023"]
[Source "ChessBase"]
[SourceDate "2022.10.05"]
[SourceVersion "1"]
[SourceVersionDate "2022.10.05"]
[SourceQuality "1"]

1. e4 e6 2. d4 d5 3. e5 c5 4. Nf3 Nc6 5. c3 Bd7 6. Be3 cxd4 7. cxd4 Nge7 8. Bd3 Qb6 9. b3 Nb4 10. Be2 Rc8 11. 0-0 Nc2 12. Nbd2 Nxa1 13. Qxa1 Nf5 14. Bf4 h6 15. Bd3 g5 16. Be3 Bb5 17. Bxb5+ Qxb5 18. a4 Qd3 19. Ne1 Qe2 20. Nef3 Nxe3 21. Re1 Nc2 22. Qc1 Qa6 23. h3 Ba3 24. Qd1 Nxe1 25. Nxe1 Rc1 0-1

[Event "Faxe Eftermiddag-B"]
[Site "Faxe"]
[Date "2010.10.13"]
[Round "4"]
[White "Hansen, Aage"]
[Black "Larsen, Paul M"]
[Result "1-0"]
[WhiteElo "1558"]
[BlackElo "1513"]
[PlyCount "119"]
[EventDate "2010.09.22"]
[EventType "tourn"]
[EventRounds "5"]
[EventCountry "DEN"]
[SourceTitle "EXT 2023"]
[Source "ChessBase"]
[SourceDate "2022.10.05"]
[SourceVersion "1"]
[SourceVersionDate "2022.10.05"]
[SourceQuality "1"]

1. e4 c6 2. d4 d5 3. Nc3 dxe4 4. Nxe4 Bf5 5. Ng3 Bg6 6. Nf3 e6 7. Bd3 Bxd3 8. Qxd3 Nf6 9. 0-0 Nbd7 10. Re1 Qc7 11. c4 Bb4 12. Re2 0-0 13. a3 Bd6 14. Bd2 Rad8 15. Bc3 c5 16. Rd1 cxd4 17. Nxd4 a6 18. Nxe6 Nc5 19. Nxc7 Nxd3 20. Bxf6 gxf6 21. Nd5 Nf4 22. Re4 Be5 23. Ne7+ Kh8 24. Rxd8 Rxd8 25. Nf1 Rd4 26. Rxd4 Ne2+ 27. Kh1 Bxd4 28. b4 Bb2 29. a4 Nc3 30. a5 Ba3 31. c5 Bxb4 32. c6 bxc6 33. Nxc6 Bd6 34. Nd2 Nb5 35. Nc4 Bc5 36. f3 Nd6 37. Nd2 Nb7 38. g4 Bf2 39. Kg2 Be1 40. Nc4 Bc3 41. Kf2 Kg8 42. Ke3 Kf8 43. Kd3 Be5 44. N6xe5 fxe5 45. Ke4 f6 46. Kd5 Ke7 47. Kc6 Nd8+ 48. Kb6 Kd7 49. Kxa6 Kc6 50. h4 h6 51. Nd2 Ne6 52. Ka7 Nc5 53. Ne4 Nd7 54. Ng3 Kb5 55. Nf5 Kxa5 56. Nxh6 Kb5 57. Ng8 Kc6 58. h5 Kd6 59. h6 Ke6 60. h7 1-0

[Event "Faxe EMT"]
[Site "Faxe"]
[Date "2010.05.05"]
[Round "7"]
[White "Christoffersen, Per"]
[Black "Hansen, Aage"]
[Result "1/2-1/2"]
[WhiteElo "1477"]
[BlackElo "1607"]
[PlyCount "126"]
[EventDate "2010.03.17"]
[EventType "swiss"]
[EventRounds "7"]
[EventCountry "DEN"]
[SourceTitle "EXT 2023"]
[Source "ChessBase"]
[SourceDate "2022.10.05"]
[SourceVersion "1"]
[SourceVersionDate "2022.10.05"]
[SourceQuality "1"]

1. d4 d5 2. Nf3 Bf5 3. e3 e6 4. Bd3 Bxd3 5. Qxd3 Nc6 6. 0-0 Nf6 7. a3 Bd6 8. Nbd2 0-0 9. c4 dxc4 10. Nxc4 Re8 11. e4 Nd7 12. Be3 Be7 13. Rad1 b5 14. Ncd2 a6 15. b4 Nf6 16. Rc1 Qd7 17. Qc3 Nd8 18. Qxc7 Qxc7 19. Rxc7 Bd6 20. Rc2 Ng4 21. Rfc1 Nxe3 22. fxe3 a5 23. Rc8 Rxc8 24. Rxc8 axb4 25. axb4 Kf8 26. e5 Bxb4 27. Rb8 Nc6 28. Rxb5 Rd8 29. Nb3 Rb8 30. Rxb8+ Nxb8 31. Kf1 Nd7 32. Ke2 Ke7 33. Kd3 Nb6 34. e4 h6 35. h4 g6 36. g4 Ba3 37. Nfd2 h5 38. gxh5 gxh5 39. Nf1 Kf8 40. Ng3 Be7 41. Nxh5 Nd7 42. Nf4 Bxh4 43. Na5 Be7 44. Nc6 Ba3 45. Ne2 Ke8 46. Nc3 Nb6 47. Nb5 Bf8 48. Na5 Kd7 49. Nc4 Nxc4 50. Kxc4 Be7 51. d5 f6 52. Kd4 fxe5+ 53. Kxe5 exd5 54. Kxd5 Bf6 55. Na3 Bg7 56. Nc4 Ke7 57. Nd6 Ba1 58. Nf5+ Kf6 59. Nd4 Ke7 60. e5 Bb2 61. Nf5+ Ke8 62. e6 Ba3 63. Kc6 Bb4 1/2-1/2